Microsoft Office 2003

में बचाया:
ग्रंथसूची विवरण
मुख्य लेखक: Grauer, Robert T.
स्वरूप: पुस्तक
भाषा:Undetermined
प्रकाशित: Upper Saddle River Pearson Prentice Hall 2004
विषय:
टैग : टैग जोड़ें
कोई टैग नहीं, इस रिकॉर्ड को टैग करने वाले पहले व्यक्ति बनें!
Thư viện lưu trữ: Trung tâm Học liệu Trường Đại học Cần Thơ
LEADER 00567nam a2200205Ia 4500
001 CTU_96226
008 210402s9999 xx 000 0 und d
020 |c 1080000 
082 |a 005.3 
082 |b G774 
100 |a Grauer, Robert T. 
245 0 |a Microsoft Office 2003 
245 0 |c Robert T. Grauer, Maryann Barber 
260 |a Upper Saddle River 
260 |b Pearson Prentice Hall 
260 |c 2004 
650 |a Microsoft Office,Business 
650 |x Computer programs 
904 |i Hiếu 
980 |a Trung tâm Học liệu Trường Đại học Cần Thơ